| 000 | 00412nam a2200169Ia 4500 | ||
|---|---|---|---|
| 003 | GCL | ||
| 008 | 140319s9999 xx 000 0 eng d | ||
| 040 |
_aGCL / _cGCL |
||
| 082 | 0 | 4 |
_a843 _bH C |
| 100 | 1 | _aHALIMI, GISELE | |
| 245 | 1 | 0 |
_aLA CAUSE DES FEMMES / _cHALIMI, GISELE |
| 260 |
_a[S.N] : _bFOLIO ، _c1992 |
||
| 300 | _a305 P | ||
| 650 | 0 | 4 | _aLITERATURE |
| 650 | 0 | 4 | _aFRENCH LITERATURE |
| 942 |
_2ddc _cBK |
||
| 999 |
_c22062 _d22062 |
||